00638nam a2200157Ia 4500008004100000050002500041100002500066245010500091260008600196300002800282521002200310650001400332942000700346999001900353952010800372140724s9999 xx 000 0 und d aLC 4713.2b.K48 2009 aKilayko, Denielle S. aImmediate affective and behavioral benefits of Yoga to individuals with ADHD /cDenielle S. Kilayko. aLas Piñas, Philippines :bSouthville International School and Colleges,cc2009. a80 p. :bill. ;c28 cm. aSpecial Education aAttention cTH c228652d228652 001040aCLbCLcTHESESd2014-07-24l0oLC 4713.2 .K48 2009pT0006r2018-05-15 00:00:00w2014-07-24yTH